000
00271nam a22001217a 4500
999
_c
534437
_d
534437
040
_c
MSOHAIL
082
_a
891.4391
100
_a
Dr. Ali Muhammad Khan
_9
28574
245
_a
Kuliyat Nazeer
260
_a
Lahore
_b
Al-Faisal
_c
c2010
300
_a
985;pxv
942
_2
ddc
_c
BK